Normal view
MARC view
- López Sanmartín, O. Gonzalo
Entry Nombre Personal
001 - NUMERO DE CONTROL
- campo de control: 34702
003 - IDENTIFICADOR DE NUMERO DE CONTROL
- campo de control: UPN
005 - FECHA Y HORA DE LA ÜLTIMA TRANSACCIÓN
- campo de control: 20210219194455.0
008 - DATOS DE LONGITUD FIJA
- campo de control de longitud fija: nabaccnnaabn|||||||||| b |nc|||||d
035 ## - NUMERO DE CONTROL
- Número de control: UPN11000006809
040 ## - FUENTE DE CATALOGACIÓN
- Lenguaje de catalogación: SPA
- Agencia de transcripción: UPN
100 1# - ENCABEZAMIENTO - NOMBRE PERSONAL
- Nombre personal: López Sanmartín, O. Gonzalo
670 ## - FUENTE EN LA QUE SE LOCALIZARON DATOS
- Cita de la fuente: T
- Información localizada: Del paraíso al purgatorio
680 ## - NOTA PUBLICA DE ACCESO PÚBLICO
- Frase explicativa de la referencia: Profesor normalista, licenciado en educación física, maestro en Educación Media y candidato a maestro en Tecnología Educativa
902 ## - CATALOGADOR
- Catalogador: MCM/280114
